000 00576nam a2200205Ia 4500
001 12611
003 GE_BSU
008 181216s||||||||xx |||||||||||||| ||und||
040 _cGE_BSU
080 _a633/635(075.32)
100 _aКрючев,Б.Д.
245 _aПрактикум по растениеводству
245 _cРед.А.Белоусова
260 _aМосква
260 _bАгропромиздат
260 _c1988
300 _a287стр.21см.илл.
653 _aпрактикум по растениеводству
942 _cBK
999 _c45783
_d45783